000 00502nam a2200205Ia 4500
008 210210b1950 xxu||||| |||| 00| 0 eng d
041 _aeng
082 _a826/203
100 _aWEDGWOOD (G R)
245 _aSeventeenth century english literature
260 _aLondon
_bOxford University Press
_c1950
650 _aSeventeenth
650 _amiddle
650 _aliterature
650 _aenglish
650 _aEarly
650 _acentury
690 _aHistory of Literature
906 _a015751
999 _c135142
_d135142